Dr. Hunyadi-Vas Gergely életútja

Elmentve itt :
Bibliográfiai részletek
Szerző: Vass Zoltán
További közreműködők: Marjanucz László (Témavezető)
Dokumentumtípus: Szakdolgozat
Megjelent: 2017
Tárgyszavak:
Online Access:http://diploma.bibl.u-szeged.hu/69397
LEADER 00618nta a2200169 i 4500
001 dipl69397
005 20180725132707.0
008 180725s2017 hu om 0|| zxx d
040 |a SZTE Diploma Repozitórium  |b hun 
041 |a zxx 
100 1 |a Vass Zoltán 
245 1 0 |a Dr. Hunyadi-Vas Gergely életútja  |h [elektronikus dokumentum] /  |c Zoltán Vass 
246 1 0 |a Dr. Gergely Hunyadi-Vas life  |h [elektronikus dokumentum] 
260 |c 2017 
650 4 |a Bölcsészettudományok 
700 1 |a Marjanucz László  |e ths 
856 4 0 |u http://diploma.bibl.u-szeged.hu/id/eprint/69397/1/2016_Vass_Zolt%C3%A1n_IE8WS1_SZ.pdf  |z Dokumentum-elérés